000 00617nam a2200181 i 4500
001 143223
003 ES-MaACL
005 20250831120725.0
007 t|
008 070214s1907 sp |||| | spa d
100 1 _aSempere, José María.
_9105405
245 1 3 _aLa reforma constitucional /
_cpor José María Sempere.
260 _aMadrid :
_bRevista General de Legislación y Jurisprudencia,
_c1907.
300 _a103 p. ;
_c22 cm.
650 7 _aReforma constitucional-
_zEspaña
_2
_9138447
852 _aES-MaACL
_jT-726-F-8
_z. - Dedicatoria autógrafa del autor
_q- Faltan p. 47-50
999 _c143223
_d143223